| 000 | 00756nam a22002297a 4500 | ||
|---|---|---|---|
| 003 | OSt | ||
| 005 | 20150408114045.0 | ||
| 008 | 120623s2010 xxu||||g |||| 00| 0 eng d | ||
| 020 | _a9780702030789 | ||
| 040 | _cMU | ||
| 082 |
_222 _bH K O _a618 |
||
| 245 |
_aObstetrics illustrated / _cKevin P. Hanretty ; illustrated by Ian Ramsden; Robin Callander. |
||
| 250 | _a7th ed. | ||
| 260 |
_aBerlin ; Heidelberg : _bChurchill Livingstone / Elsevier, _c2010. |
||
| 300 |
_a437 p. : _bill. ; _c25 cm. |
||
| 500 | _aIncludes index. | ||
| 650 | 4 |
_aObstetrics _xOutlines, syllabi, etc. _915914 |
|
| 650 | 4 |
_aObstetrics _vAtlases. _915915 |
|
| 700 | 1 |
_a Ramsden, Ian _eillustrated. _915916 |
|
| 700 | 1 |
_a Callander, Robin _eillustrated. _915917 |
|
| 942 |
_2ddc _cDVD |
||
| 999 |
_c24170 _d258670 |
||